000 01152cab a22002415a 4500
001 L145234
008 080917e20080913xxkabdof s 000 0 eng d
035 _a(Sirsi) u145234
041 0 _aeng
110 2 _aEstates Gazette
_9298
245 0 0 _aEG
_bresidential
260 _c2008
490 _aEstates Gazette
_v(0836) 13 September 2008, 93-111(15)
520 _aProvides a statistical overview for the residential property market and provides segments on the use of the rental sector as a benchmark among developers; industry response on government housing targets that look increasingly unattainable in light of the current economic downturn and comment on the planning behind south Devon's planned green town, Sherford. Also looks at the placemaking approach to development and questions whether UK housebuilders are doing enough to improve customer service standards within the industry.
590 _aKA
651 4 _aUnited Kingdom
_y
690 _aPROPERTY-RESIDENTIAL PROPERTY-RESIDENTIAL PROPERTY MARKET
700 1 _aDonnell, Richard
700 1 _aEvans, Nigel
700 1 _aNorwood, Graham
700 1 _aQuinn, David
942 _n0
999 _c80740
_d80740